Dubrovnik - Choix Multiples - Statistiques

Statistiques générales
  • Ce quiz a été pris 59 fois
  • Le résultat moyen est 7 sur 10
Statistiques - réponses
Question Réponse % Correct
À quelle problématique prédominante les habitants de la ville doivent-ils faire face ? Le surtourisme
87%
De quelle région historique Dubrovnik fait-elle partie ? Dalmatie
83%
En quelles années se déroula le siège de Dubrovnik, un point marquant dans l'indépendance croate ? 1991-1992
81%
Pour quelle série télévisée Dubrovnik a-t-elle servi de décor ? Game of Thrones
74%
Quelle ville italienne fut tour à tour rivale et suzeraine de Dubrovnik ? Venise
66%
Lorsqu'elle était une République, qu'est-ce que la ville a été la première à abolir (1416) ? L'esclavage
64%
Dans quelle partie de la Croatie se situe Dubrovnik ?
60%
Que prennent les touristes pour atteindre le Srđ ? Un téléphérique
58%
Comment s'appelait la ville jusqu'en 1918 ? Raguse
53%
Comment s'appelle la rue principale, pavée de marbre, du centre de Dubrovnik ? Stradun
36%
Aucun quiz correspondant
Distribution des résultats
% des personnes avec chaque résultat
Percentile par nombre de réponses
Votre historique - résultats
Vous n’avez pas pris ce quiz